1782 1647 1063 1734 1113 1711 1907 1980 1590 1806 1704 1549 1477 1210 1053 1249 1937 1477 1376 1523 1831 1317 1784 1806 1546 1983 1046 1937 1127 1403 1349 1015 1549 1284 1704 1414 1040 1272 1027 1197 1690 1823 1711 1258 1906 1018 1315 1540 1527 1789 1631 1766 1934 1496 1115 1534 1873 1541 1115 1421 1462 1275 1474 1641 1639 1232 1633 1943 1035 1527 1131 1957 1418 1588 1297 1555 1450 1536 1646 1925 1607 1555 1155 1806 1936 1342 1394 1071 1797 1346 1670 1854 1732 1043 1566 1663 1125 1411 1715 BCNSPRNW ULIB Ver.6.0+V

เปลี่ยนเป็นภาษาไทย

Change to English
 แสดงรายละเอียดบรรณานุกรม
  กลับหน้าหลัก

Brief Record : Get Marc (ISO 2709) : E-mail record : QR code < ปิดหน้าต่าง
LEADER : 00000nam 2200000uu 4500
001    13399110510
003     ULIB
008    110602s2543||||th 000 0 tha d
020    9747068451
060 04 WP580^bจ682ว 2543
245 00 วัยหมดระดู /^cกอบจิตต์ ลิมปพยอม, บรรณาธิการ
250    พิมพ์ครั้งที่ 1
260    กรุงเทพฯ :^bภาควิชาสูติศาสตร์-นรีเวชวิทยา คณะแพทยศาสตร์จุฬาลงกรณ์มหาวิทยาลัย,^c2543
300    ก-ซ, 157 หน้า :^bภาพประกอบ ;^c30 ซม
650  7 วัยหมดระดู
700 0  กอบจิตต์ ลิมปพยอม,^eบรรณาธิการ
710 2  จุฬาลงกรณ์มหาวิทยาลัย. ^bคณะแพทยศาสตร์.^bภาควิชาสูติศาสตร์-นรีเวชวิทยา
945    ^p300^l0^i013944
945    ^p300^l0^i013943
945    ^p300^l0^i013200
945    ^p300^l0^i013942
995    ทศพร
999 ^a ใช้งานได้ทุกระบบ
รายการนี้ยังไม่มีแท็ก
คุณยังไม่ได้ล็อกอิน คุณสามารถมีกิจกรรมร่วมกับเว็บไซต์ได้ แต่ต้องล็อกอินก่อน ::
  ล็อกอิน

รายการสื่อสารสนเทศ

ลำดับที่ ประเภท เลขเรียก/บาร์โค้ด สถานที่ สถานะ
- ไม่พบข้อมูล -

รายการใกล้เคียง
    หัวเรื่อง [วัยหมดระดู]

BibComment


ยังไม่เคยถูกคอมเมนท์

คอมเมนท์ทรัพยากรรายการนี้
  คอมเมนท์: วัยหมดระดู กอบจิ..


 Copyright 2026. Bcnsprnw @Library